[Event "Greek Team Championship"]
[Site "chess24.com"]
[Date "2017.07.05"]
[Round "4"]
[White "Schuetze, Norman"]
[Black "Vafiadis, Kleanthis"]
[Result "1/2-1/2"]
[Board "2"]
[WhiteElo "2278"]
[WhiteCountry "GER"]
[WhiteFideId "4659406"]
[WhiteEloChange "-1"]
[BlackElo "2235"]
[BlackCountry "GRE"]
[BlackFideId "4201850"]
[BlackEloChange "1"]

1. d4 {[%clk 1:30:55]} Nf6 {[%clk 1:27:54]} 2. c4 {[%clk 1:31:17]} d6 {[%clk
1:27:07]} 3. Nc3 {[%clk 1:30:59]} g6 {[%clk 1:26:30]} 4. e4 {[%clk 1:31:11]} Bg7
{[%clk 1:26:56]} 5. Nf3 {[%clk 1:31:32]} O-O {[%clk 1:27:15]} 6. Be2 {[%clk
1:31:53]} e5 {[%clk 1:27:28]} 7. O-O {[%clk 1:32:09]} Nc6 {[%clk 1:25:27]} 8. d5
{[%clk 1:32:29]} Ne7 {[%clk 1:25:53]} 9. Ne1 {[%clk 1:32:41]} c5 {[%clk 1:24:40]}
10. dxc6 {[%clk 1:24:52]} bxc6 {[%clk 1:24:20]} 11. Bg5 {[%clk 0:58:27]} Be6
{[%clk 1:20:50]} 12. Qd2 {[%clk 0:57:18]} d5 {[%clk 1:15:09]} 13. cxd5 {[%clk
0:52:04]} cxd5 {[%clk 1:15:26]} 14. exd5 {[%clk 0:52:26]} Nexd5 {[%clk 1:15:42]}
15. Nxd5 {[%clk 0:52:22]} Bxd5 {[%clk 1:14:20]} 16. Qe3 {[%clk 0:51:19]} Qb8
{[%clk 1:09:11]} 17. Nd3 {[%clk 0:49:05]} e4 {[%clk 0:51:05]} 18. Nc5 {[%clk
0:48:04]} Rd8 {[%clk 0:46:57]} 19. b3 {[%clk 0:43:54]} Qe5 {[%clk 0:42:35]} 20.
Rac1 {[%clk 0:42:30]} Bc6 {[%clk 0:36:19]} 21. Nd3 {[%clk 0:21:51]} Qf5 {[%clk
0:29:57]} 22. Nb4 {[%clk 0:20:01]} Bb7 {[%clk 0:30:14]} 23. Rc5 {[%clk 0:17:59]}
Qe6 {[%clk 0:26:33]} 24. Rc7 {[%clk 0:15:55]} Rd7 {[%clk 0:23:03]} 25. Rxd7
{[%clk 0:14:39]} Qxd7 {[%clk 0:22:19]} 26. Rd1 {[%clk 0:14:31]} Qf5 {[%clk
0:14:19]} 27. Bh6 {[%clk 0:08:52]} Ng4 {[%clk 0:10:53]} 28. Bxg4 {[%clk 0:08:53]}
Qxg4 {[%clk 0:11:19]} 29. Rd4 {[%clk 0:05:56]} Bxd4 {[%clk 0:09:03]} 30. Qxd4
{[%clk 0:06:21]} f6 {[%clk 0:09:30]} 31. h3 {[%clk 0:06:07]} Qe6 {[%clk 0:09:45]}
32. Be3 {[%clk 0:05:42]} a5 {[%clk 0:07:21]} 33. Nc2 {[%clk 0:06:05]} Qe7 {[%clk
0:06:29]} 34. Qc4+ {[%clk 0:03:24]} Kg7 {[%clk 0:06:47]} 35. Nd4 {[%clk 0:03:46]}
Rc8 {[%clk 0:06:45]} 36. Qb5 {[%clk 0:03:57]} Ra8 {[%clk 0:04:23]} 37. Qc4 {[%clk
0:04:09]} Qd7 {[%clk 0:04:02]} 38. Ne6+ {[%clk 0:02:04]} Kh8 {[%clk 0:04:21]} 39.
Nc5 {[%clk 0:01:41]} Qd1+ {[%clk 0:03:54]} 40. Kh2 {[%clk 0:32:07]} Qd6+ {[%clk
0:34:16]} 41. Kg1 {[%clk 0:32:28]} Qd1+ {[%clk 0:32:34]} 42. Kh2 {[%clk 0:31:50]}
Qd6+ {[%clk 0:29:50]} 43. Kg1 {[%clk 0:32:13]} Bc6 {[%clk 0:27:02]} 44. Qc3
{[%clk 0:24:52]} Kg7 {[%clk 0:25:27]} 45. Qc4 {[%clk 0:24:57]} g5 {[%clk
0:23:54]} 46. Ne6+ {[%clk 0:24:04]} Kg6 {[%clk 0:23:54]} 47. Nd4 {[%clk 0:23:28]}
Bb7 {[%clk 0:21:20]} 48. g4 {[%clk 0:22:36]} Qd7 {[%clk 0:17:39]} 49. Qc5 {[%clk
0:18:48]} h5 {[%clk 0:16:27]} 50. f4 {[%clk 0:09:18]} exf3 {[%clk 0:11:42]} 51.
Qc2+ {[%clk 0:09:42]} Kg7 {[%clk 0:12:03]} 52. gxh5 {[%clk 0:09:41]} Qf7 {[%clk
0:08:23]} 53. h6+ {[%clk 0:05:32]} Kh8 {[%clk 0:06:34]} 54. Qf5 {[%clk 0:05:50]}
Re8 {[%clk 0:06:37]} 55. Kf2 {[%clk 0:03:48]} Qe7 {[%clk 0:05:33]} 56. Qd3 {[%clk
0:01:10]} Ba6 {[%clk 0:05:36]} 57. Qc3 {[%clk 0:01:39]} Qe5 {[%clk 0:05:54]} 58.
Kxf3 {[%clk 0:01:51]} Qe4+ {[%clk 0:04:58]} 59. Kf2 {[%clk 0:01:48]} Bd3 {[%clk
0:05:07]} 60. Bd2 {[%clk 0:01:26]} Rd8 {[%clk 0:03:20]} 61. Nf3 {[%clk 0:01:53]}
Qf5 {[%clk 0:01:21]} 62. Bxg5 {[%clk 0:02:15]} Kh7 {[%clk 0:01:00]} 63. Qxf6
{[%clk 0:01:50]} Qxf6 {[%clk 0:00:43]} 64. Bxf6 {[%clk 0:02:16]} Rf8 {[%clk
0:00:45]} 65. Bg7 {[%clk 0:02:43]} Rc8 {[%clk 0:00:59]} 66. Ke3 {[%clk 0:02:59]}
Bb1 {[%clk 0:01:09]} 67. a3 {[%clk 0:02:59]} Rb8 {[%clk 0:01:28]} 68. b4 {[%clk
0:02:05]} 1/2-1/2

[Event "Greek Team Championship"]
[Site "chess24.com"]
[Date "2017.07.05"]
[Round "4"]
[White "Papakonstantinou, Dimitrios"]
[Black "Milonakis, Georgios"]
[Result "1-0"]
[Board "3"]
[WhiteElo "2207"]
[WhiteCountry "GRE"]
[WhiteFideId "4218655"]
[WhiteEloChange "10"]
[BlackElo "2196"]
[BlackCountry "GRE"]
[BlackFideId "4206320"]
[BlackEloChange "-10"]

1. e4 {[%clk 1:30:56]} e5 {[%clk 1:30:36]} 2. Nf3 {[%clk 1:31:09]} Nc6 {[%clk
1:30:53]} 3. Bb5 {[%clk 1:31:24]} a6 {[%clk 1:31:14]} 4. Ba4 {[%clk 1:31:41]} Nf6
{[%clk 1:31:15]} 5. O-O {[%clk 1:31:38]} Be7 {[%clk 1:31:24]} 6. Re1 {[%clk
1:31:15]} b5 {[%clk 1:31:37]} 7. Bb3 {[%clk 1:31:39]} d6 {[%clk 1:31:16]} 8. c3
{[%clk 1:31:29]} O-O {[%clk 1:31:04]} 9. d4 {[%clk 1:30:47]} Bg4 {[%clk 1:30:43]}
10. d5 {[%clk 1:31:02]} Na5 {[%clk 1:30:44]} 11. Bc2 {[%clk 1:31:27]} c6 {[%clk
1:30:43]} 12. h3 {[%clk 1:31:23]} Bc8 {[%clk 1:30:56]} 13. dxc6 {[%clk 1:31:13]}
Qc7 {[%clk 1:31:03]} 14. Nbd2 {[%clk 1:29:30]} Qxc6 {[%clk 1:30:58]} 15. Nf1
{[%clk 1:29:02]} Nc4 {[%clk 1:31:14]} 16. Ng3 {[%clk 1:25:11]} Re8 {[%clk
1:31:26]} 17. Nh4 {[%clk 1:16:57]} g6 {[%clk 1:31:14]} 18. Qf3 {[%clk 1:12:21]}
Kg7 {[%clk 1:19:54]} 19. b3 {[%clk 1:10:50]} Nb6 {[%clk 1:19:31]} 20. Qe3 {[%clk
1:06:15]} Be6 {[%clk 1:10:30]} 21. Nf3 {[%clk 1:02:59]} Rac8 {[%clk 1:04:47]} 22.
Bd2 {[%clk 1:02:18]} Ng8 {[%clk 0:50:21]} 23. Rac1 {[%clk 0:56:31]} f6 {[%clk
0:49:47]} 24. h4 {[%clk 0:46:59]} d5 {[%clk 0:47:09]} 25. h5 {[%clk 0:44:02]} Ba3
{[%clk 0:39:53]} 26. hxg6 {[%clk 0:39:18]} hxg6 {[%clk 0:39:55]} 27. exd5 {[%clk
0:35:05]} Nxd5 {[%clk 0:28:20]} 28. Qe4 {[%clk 0:33:31]} Nf4 {[%clk 0:25:05]} 29.
Qxc6 {[%clk 0:26:45]} Rxc6 {[%clk 0:25:29]} 30. Rcd1 {[%clk 0:26:35]} Nd5 {[%clk
0:22:07]} 31. Ne4 {[%clk 0:26:04]} Nge7 {[%clk 0:15:50]} 32. Bd3 {[%clk 0:22:09]}
Bg4 {[%clk 0:12:46]} 33. c4 {[%clk 0:19:59]} Nc7 {[%clk 0:10:16]} 34. Nc3 {[%clk
0:17:13]} bxc4 {[%clk 0:06:56]} 35. Bxc4 {[%clk 0:17:13]} Nf5 {[%clk 0:07:08]}
36. Re4 {[%clk 0:13:13]} Bxf3 {[%clk 0:06:39]} 37. gxf3 {[%clk 0:13:41]} Nd6
{[%clk 0:06:57]} 38. Rh4 {[%clk 0:13:55]} Nxc4 {[%clk 0:07:07]} 39. Rxc4 {[%clk
0:13:15]} Rxc4 {[%clk 0:07:13]} 40. bxc4 {[%clk 0:43:44]} Ne6 {[%clk 0:36:35]}
41. Be3 {[%clk 0:43:18]} Re7 {[%clk 0:28:58]} 42. Rb1 {[%clk 0:39:17]} Nd4 {[%clk
0:11:28]} 43. Nd5 {[%clk 0:33:23]} Re6 {[%clk 0:10:48]} 44. Rb7+ {[%clk 0:33:15]}
Kg8 {[%clk 0:11:18]} 45. Kg2 {[%clk 0:32:54]} g5 {[%clk 0:10:20]} 46. Kg3 {[%clk
0:26:39]} Bf8 {[%clk 0:05:04]} 47. Kg4 {[%clk 0:24:04]} f5+ {[%clk 0:02:37]} 48.
Kxg5 {[%clk 0:24:07]} Bh6+ {[%clk 0:03:05]} 49. Kh5 {[%clk 0:24:22]} Bxe3 {[%clk
0:03:30]} 50. fxe3 {[%clk 0:24:31]} Nxf3 {[%clk 0:03:48]} 51. Ne7+ {[%clk
0:24:37]} Kf7 {[%clk 0:03:55]} 52. Nxf5+ {[%clk 0:24:30]} Kf6 {[%clk 0:04:14]}
53. Nh6 {[%clk 0:23:29]} Rc6 {[%clk 0:02:28]} 54. Rf7+ {[%clk 0:23:40]} Ke6
{[%clk 0:02:56]} 55. Rxf3 {[%clk 0:24:04]} Rxc4 {[%clk 0:03:11]} 56. Ng4 {[%clk
0:23:24]} Ra4 {[%clk 0:03:00]} 57. Rf2 {[%clk 0:22:57]} Kd5 {[%clk 0:03:22]} 58.
Nf6+ {[%clk 0:22:38]} Ke6 {[%clk 0:03:43]} 59. Kg5 {[%clk 0:22:49]} Ra3 {[%clk
0:04:09]} 60. Ng4 {[%clk 0:23:02]} a5 {[%clk 0:04:23]} 61. Rd2 {[%clk 0:22:20]}
a4 {[%clk 0:04:34]} 62. Kg6 {[%clk 0:21:10]} Rc3 {[%clk 0:04:39]} 63. Nh6 {[%clk
0:20:42]} e4 {[%clk 0:04:30]} 64. Ng4 {[%clk 0:20:54]} a3 {[%clk 0:04:21]} 65.
Kg5 {[%clk 0:20:31]} Rc4 {[%clk 0:04:30]} 66. Kf4 {[%clk 0:19:34]} Rb4 {[%clk
0:04:54]} 67. Nf2 {[%clk 0:19:33]} Rb5 {[%clk 0:05:21]} 68. Kxe4 {[%clk 0:19:35]}
1-0

[Event "Greek Team Championship"]
[Site "chess24.com"]
[Date "2017.07.05"]
[Round "4"]
[White "Gkogkas, Dimitrios"]
[Black "Papadopoulos, Panayotis"]
[Result "1/2-1/2"]
[Board "4"]
[WhiteElo "2094"]
[WhiteCountry "GRE"]
[WhiteFideId "4200462"]
[WhiteEloChange "2"]
[BlackElo "2172"]
[BlackCountry "GRE"]
[BlackFideId "4222636"]
[BlackEloChange "-2"]

1. d4 {[%clk 1:24:50]} Nf6 {[%clk 1:30:30]} 2. Nf3 {[%clk 1:24:50]} c5 {[%clk
1:30:46]} 3. e3 {[%clk 1:24:17]} g6 {[%clk 1:29:28]} 4. c4 {[%clk 1:21:39]} cxd4
{[%clk 1:28:46]} 5. exd4 {[%clk 1:20:39]} d5 {[%clk 1:29:03]} 6. Nc3 {[%clk
1:20:00]} Bg7 {[%clk 1:28:36]} 7. Qb3 {[%clk 1:14:29]} O-O {[%clk 1:27:00]} 8.
cxd5 {[%clk 1:12:22]} Nbd7 {[%clk 1:27:17]} 9. d6 {[%clk 1:11:14]} exd6 {[%clk
1:27:31]} 10. Be2 {[%clk 1:11:18]} Nb6 {[%clk 1:26:56]} 11. O-O {[%clk 1:01:05]}
Be6 {[%clk 1:24:58]} 12. Qd1 {[%clk 1:00:59]} h6 {[%clk 1:15:48]} 13. h3 {[%clk
1:00:21]} Rc8 {[%clk 1:15:11]} 14. Bf4 {[%clk 0:59:40]} Nfd5 {[%clk 1:05:49]} 15.
Nxd5 {[%clk 0:59:26]} Nxd5 {[%clk 1:06:13]} 16. Bg3 {[%clk 0:59:21]} Qb6 {[%clk
1:06:04]} 17. Qd2 {[%clk 0:48:28]} Rc6 {[%clk 1:01:32]} 18. Rfc1 {[%clk 0:45:18]}
Rfc8 {[%clk 1:01:02]} 19. Rxc6 {[%clk 0:42:17]} Qxc6 {[%clk 0:58:11]} 20. Bd1
{[%clk 0:36:20]} Nf6 {[%clk 0:51:54]} 21. Qb4 {[%clk 0:32:38]} Ne4 {[%clk
0:49:18]} 22. Bf4 {[%clk 0:30:05]} g5 {[%clk 0:41:22]} 23. Be3 {[%clk 0:29:46]}
Nf6 {[%clk 0:36:56]} 24. Rc1 {[%clk 0:27:10]} Qa6 {[%clk 0:36:16]} 25. Rxc8+
{[%clk 0:26:44]} Bxc8 {[%clk 0:36:39]} 26. Bb3 {[%clk 0:26:22]} Be6 {[%clk
0:32:38]} 27. Bxe6 {[%clk 0:22:52]} fxe6 {[%clk 0:33:00]} 28. Qb3 {[%clk
0:17:01]} Nd5 {[%clk 0:32:04]} 29. Qc2 {[%clk 0:16:49]} Nxe3 {[%clk 0:25:44]} 30.
Qc8+ {[%clk 0:14:40]} Kh7 {[%clk 0:25:57]} 31. fxe3 {[%clk 0:14:31]} Qxa2 {[%clk
0:22:37]} 32. Qxb7 {[%clk 0:14:35]} Qc4 {[%clk 0:21:02]} 33. Qe4+ {[%clk
0:11:45]} Kg8 {[%clk 0:20:14]} 34. Qa8+ {[%clk 0:11:33]} Bf8 {[%clk 0:19:47]} 35.
Qxa7 {[%clk 0:07:49]} Qc1+ {[%clk 0:19:25]} 36. Kf2 {[%clk 0:06:45]} Qxb2+ {[%clk
0:19:47]} 37. Kg3 {[%clk 0:05:52]} Qb3 {[%clk 0:18:40]} 38. Kf2 {[%clk 0:05:51]}
Qc2+ {[%clk 0:17:21]} 39. Kf1 {[%clk 0:03:56]} Qf5 {[%clk 0:17:02]} 40. Kg1
{[%clk 0:31:14]} h5 {[%clk 0:46:56]} 41. Qa2 {[%clk 0:23:03]} g4 {[%clk 0:45:04]}
42. hxg4 {[%clk 0:16:42]} hxg4 {[%clk 0:45:23]} 43. Nh2 {[%clk 0:14:14]} g3
{[%clk 0:18:24]} 44. Nf1 {[%clk 0:13:50]} Qg4 {[%clk 0:18:42]} 45. Qa8 {[%clk
0:09:56]} Qg5 {[%clk 0:17:24]} 46. Qe4 {[%clk 0:09:48]} e5 {[%clk 0:13:55]} 47.
dxe5 {[%clk 0:08:21]} dxe5 {[%clk 0:13:55]} 48. Qf3 {[%clk 0:08:26]} Bh6 {[%clk
0:13:54]} 49. e4 {[%clk 0:03:41]} Qc1 {[%clk 0:11:55]} 50. Qxg3+ {[%clk 0:03:38]}
Kh7 {[%clk 0:12:05]} 51. Qf3 {[%clk 0:03:55]} Kg7 {[%clk 0:10:45]} 52. g3 {[%clk
0:03:56]} Qc5+ {[%clk 0:09:02]} 53. Kg2 {[%clk 0:04:18]} Qc2+ {[%clk 0:09:17]}
54. Kh3 {[%clk 0:04:30]} Qc1 {[%clk 0:08:31]} 55. Nh2 {[%clk 0:04:25]} Bg5 {[%clk
0:08:05]} 56. Ng4 {[%clk 0:04:09]} Qc8 {[%clk 0:06:40]} 57. Qf5 {[%clk 0:03:02]}
Qxf5 {[%clk 0:06:58]} 58. exf5 {[%clk 0:03:31]} e4 {[%clk 0:07:18]} 59. Kg2
{[%clk 0:03:29]} Kf7 {[%clk 0:07:34]} 60. Nf2 {[%clk 0:03:28]} Kf6 {[%clk
0:07:36]} 61. Nxe4+ {[%clk 0:02:37]} Kxf5 {[%clk 0:07:54]} 62. Nxg5 {[%clk
0:02:55]} Kxg5 {[%clk 0:08:16]} 63. Kf3 {[%clk 0:03:19]} Kf5 {[%clk 0:08:42]}
1/2-1/2

[Event "Greek Team Championship"]
[Site "chess24.com"]
[Date "2017.07.05"]
[Round "4"]
[White "Vatkali, Dimitra"]
[Black "Skaraki, Antigoni"]
[Result "1/2-1/2"]
[Board "5"]
[WhiteElo "2017"]
[WhiteCountry "GRE"]
[WhiteFideId "4200705"]
[WhiteEloChange "-2"]
[BlackElo "1947"]
[BlackCountry "GRE"]
[BlackFideId "4222970"]
[BlackEloChange "2"]

1. e4 {[%clk 1:30:56]} c5 {[%clk 1:30:55]} 2. Nf3 {[%clk 1:31:21]} d6 {[%clk
1:31:22]} 3. Bb5+ {[%clk 1:31:42]} Bd7 {[%clk 1:31:45]} 4. Bxd7+ {[%clk 1:32:04]}
Qxd7 {[%clk 1:32:11]} 5. c4 {[%clk 1:32:03]} Nf6 {[%clk 1:32:35]} 6. Nc3 {[%clk
1:32:19]} Nc6 {[%clk 1:32:58]} 7. d4 {[%clk 1:30:57]} cxd4 {[%clk 1:33:18]} 8.
Nxd4 {[%clk 1:31:21]} g6 {[%clk 1:33:34]} 9. f3 {[%clk 1:31:18]} Bg7 {[%clk
1:33:28]} 10. Be3 {[%clk 1:31:43]} O-O {[%clk 1:32:01]} 11. Qd2 {[%clk 1:31:51]}
Rac8 {[%clk 1:27:01]} 12. b3 {[%clk 1:29:31]} a6 {[%clk 1:21:04]} 13. a4 {[%clk
0:50:21]} Qd8 {[%clk 1:12:06]} 14. Rc1 {[%clk 0:42:55]} Qa5 {[%clk 1:05:28]} 15.
O-O {[%clk 0:30:38]} Rfd8 {[%clk 0:55:24]} 16. Rfd1 {[%clk 0:29:46]} Qb4 {[%clk
0:41:43]} 17. Nce2 {[%clk 0:18:45]} Qxd2 {[%clk 0:35:53]} 18. Rxd2 {[%clk
0:19:13]} Nxd4 {[%clk 0:29:24]} 19. Nxd4 {[%clk 0:18:34]} d5 {[%clk 0:25:30]} 20.
e5 {[%clk 0:16:48]} Nd7 {[%clk 0:13:47]} 21. f4 {[%clk 0:17:13]} dxc4 {[%clk
0:13:44]} 22. bxc4 {[%clk 0:16:04]} Nc5 {[%clk 0:12:53]} 23. Nc6 {[%clk 0:12:48]}
Re8 {[%clk 0:06:45]} 24. Bxc5 {[%clk 0:12:46]} Rxc6 {[%clk 0:06:17]} 25. Be3
{[%clk 0:09:49]} Rec8 {[%clk 0:05:24]} 26. Rdc2 {[%clk 0:09:52]} e6 {[%clk
0:04:39]} 27. a5 {[%clk 0:09:56]} f6 {[%clk 0:02:34]} 28. exf6 {[%clk 0:09:07]}
Bxf6 {[%clk 0:03:02]} 29. c5 {[%clk 0:01:04]} e5 {[%clk 0:02:10]} 30. fxe5 {[%clk
0:00:46]} Bxe5 {[%clk 0:02:39]} 31. Rc4 {[%clk 0:00:38]} Re8 {[%clk 0:01:02]} 32.
Bf2 {[%clk 0:00:48]} Rec8 {[%clk 0:00:47]} 33. h3 {[%clk 0:00:50]} Rd8 {[%clk
0:00:56]} 34. Be3 {[%clk 0:00:40]} Rd3 {[%clk 0:01:10]} 35. Re4 {[%clk 0:00:45]}
Rxe3 {[%clk 0:00:43]} 36. Rxe3 {[%clk 0:01:05]} Bd4 {[%clk 0:01:04]} 37. Kf2
{[%clk 0:00:49]} Rxc5 {[%clk 0:01:16]} 38. Rb1 {[%clk 0:00:33]} Bxe3+ {[%clk
0:00:45]} 39. Kxe3 {[%clk 0:01:00]} Rxa5 {[%clk 0:00:45]} 40. Rxb7 {[%clk
0:31:25]} Ra2 {[%clk 0:31:00]} 41. Kf3 {[%clk 0:27:59]} a5 {[%clk 0:29:01]} 42.
Ra7 {[%clk 0:28:13]} a4 {[%clk 0:28:54]} 43. g4 {[%clk 0:24:57]} a3 {[%clk
0:18:51]} 44. Kg3 {[%clk 0:24:19]} Ra1 {[%clk 0:18:24]} 45. Kg2 {[%clk 0:24:18]}
h6 {[%clk 0:15:02]} 46. Kh2 {[%clk 0:23:39]} Kf8 {[%clk 0:14:27]} 47. Kg2 {[%clk
0:18:53]} a2 {[%clk 0:09:37]} 48. Kh2 {[%clk 0:19:08]} Ke8 {[%clk 0:09:54]} 49.
Kg2 {[%clk 0:19:22]} Kd8 {[%clk 0:09:52]} 50. Kh2 {[%clk 0:19:46]} Kc8 {[%clk
0:10:04]} 51. Kg2 {[%clk 0:20:11]} Kb8 {[%clk 0:10:24]} 52. Ra3 {[%clk 0:19:13]}
Kb7 {[%clk 0:10:30]} 53. Ra4 {[%clk 0:19:29]} Kb6 {[%clk 0:10:26]} 54. Ra8 {[%clk
0:19:35]} g5 {[%clk 0:09:53]} 1/2-1/2

[Event "Greek Team Championship"]
[Site "chess24.com"]
[Date "2017.07.05"]
[Round "4"]
[White "Stratigi, Evangelia"]
[Black "Lagogianni, Niki Vasiliki"]
[Result "1-0"]
[Board "6"]
[WhiteElo "1593"]
[WhiteCountry "GRE"]
[WhiteFideId "4248961"]
[WhiteEloChange "2"]
[BlackElo "1106"]
[BlackCountry "GRE"]
[BlackFideId "25804359"]
[BlackEloChange "-2"]

1. e4 {[%clk 1:30:57]} c6 {[%clk 1:30:15]} 2. Nf3 {[%clk 1:31:17]} d5 {[%clk
1:30:26]} 3. exd5 {[%clk 1:30:52]} cxd5 {[%clk 1:30:10]} 4. d4 {[%clk 1:30:46]}
Nf6 {[%clk 1:26:21]} 5. Bd3 {[%clk 1:30:37]} Nc6 {[%clk 1:21:11]} 6. c3 {[%clk
1:29:47]} Bg4 {[%clk 1:20:05]} 7. O-O {[%clk 1:29:15]} e6 {[%clk 1:13:58]} 8. Re1
{[%clk 1:28:23]} Be7 {[%clk 1:08:13]} 9. Nbd2 {[%clk 1:26:42]} O-O {[%clk
1:05:38]} 10. h3 {[%clk 1:26:11]} Bh5 {[%clk 1:04:53]} 11. Nf1 {[%clk 1:19:28]}
Re8 {[%clk 0:58:36]} 12. Ng3 {[%clk 1:18:14]} Bg6 {[%clk 0:53:12]} 13. Bxg6
{[%clk 1:11:46]} hxg6 {[%clk 0:52:45]} 14. Bg5 {[%clk 1:08:28]} Nh7 {[%clk
0:50:48]} 15. Bxe7 {[%clk 1:08:08]} Qxe7 {[%clk 0:50:51]} 16. Qd2 {[%clk
1:01:41]} Nf6 {[%clk 0:47:50]} 17. Re2 {[%clk 0:55:58]} Nd7 {[%clk 0:40:59]} 18.
Qf4 {[%clk 0:49:08]} Rab8 {[%clk 0:38:43]} 19. Ng5 {[%clk 0:46:27]} Qf6 {[%clk
0:36:47]} 20. Qh4 {[%clk 0:44:20]} Nf8 {[%clk 0:34:10]} 21. Re3 {[%clk 0:41:54]}
Qd8 {[%clk 0:33:39]} 22. Rae1 {[%clk 0:39:26]} Qd7 {[%clk 0:29:40]} 23. Qg4
{[%clk 0:35:17]} Nd8 {[%clk 0:24:22]} 24. h4 {[%clk 0:34:13]} f6 {[%clk 0:21:51]}
25. Nh3 {[%clk 0:31:43]} Nf7 {[%clk 0:17:41]} 26. Nf4 {[%clk 0:30:12]} f5 {[%clk
0:16:52]} 27. Qe2 {[%clk 0:30:01]} Nd8 {[%clk 0:13:32]} 28. Nd3 {[%clk 0:25:51]}
b6 {[%clk 0:12:53]} 29. h5 {[%clk 0:25:38]} g5 {[%clk 0:12:33]} 30. Nxf5 {[%clk
0:25:30]} Nf7 {[%clk 0:10:58]} 31. Ne5 {[%clk 0:23:19]} Qd8 {[%clk 0:06:46]} 32.
Nc6 {[%clk 0:22:49]} Qc7 {[%clk 0:03:48]} 33. Nxb8 {[%clk 0:22:56]} Qxb8 {[%clk
0:04:12]} 34. Qb5 {[%clk 0:21:43]} Nh6 {[%clk 0:03:11]} 35. Nxh6+ {[%clk
0:21:42]} gxh6 {[%clk 0:03:30]} 36. Qe2 {[%clk 0:18:55]} Qd6 {[%clk 0:03:18]} 37.
Qf3 {[%clk 0:17:00]} Kg7 {[%clk 0:02:55]} 38. Qg3 {[%clk 0:16:57]} Qd7 {[%clk
0:02:58]} 39. Qe5+ {[%clk 0:16:55]} Kh7 {[%clk 0:02:36]} 40. Qf6 {[%clk 0:46:00]}
Qe7 {[%clk 0:32:44]} 41. Qf5+ {[%clk 0:44:03]} Kg7 {[%clk 0:31:13]} 42. Qxd5
{[%clk 0:44:09]} 1-0

[Event "Greek Team Championship"]
[Site "chess24.com"]
[Date "2017.07.05"]
[Round "4"]
[White "Tzartzi, Petroula"]
[Black "Daskalaki, Sofia"]
[Result "0-1"]
[Board "7"]
[WhiteElo "1243"]
[WhiteCountry "GRE"]
[WhiteFideId "25811169"]
[WhiteEloChange "-3"]
[BlackElo "1568"]
[BlackCountry "GRE"]
[BlackFideId "4265149"]
[BlackEloChange "3"]

1. e4 {[%clk 1:30:57]} e5 {[%clk 1:30:54]} 2. Nf3 {[%clk 1:31:17]} Nc6 {[%clk
1:31:20]} 3. Bb5 {[%clk 1:31:22]} a6 {[%clk 1:31:40]} 4. Ba4 {[%clk 1:31:27]} Nf6
{[%clk 1:31:58]} 5. d3 {[%clk 1:31:29]} d6 {[%clk 1:32:17]} 6. c3 {[%clk
1:31:43]} g6 {[%clk 1:32:31]} 7. O-O {[%clk 1:31:36]} Bg7 {[%clk 1:32:42]} 8.
Nbd2 {[%clk 1:31:41]} O-O {[%clk 1:32:36]} 9. Re1 {[%clk 1:31:55]} Re8 {[%clk
1:32:03]} 10. Nf1 {[%clk 1:31:37]} d5 {[%clk 1:31:08]} 11. Ng3 {[%clk 1:22:26]}
b5 {[%clk 1:26:31]} 12. Bb3 {[%clk 1:18:21]} Na5 {[%clk 1:19:10]} 13. Bc2 {[%clk
1:17:07]} Bb7 {[%clk 1:15:10]} 14. Be3 {[%clk 1:02:54]} dxe4 {[%clk 1:10:23]} 15.
dxe4 {[%clk 1:02:50]} Nc4 {[%clk 1:10:24]} 16. b3 {[%clk 0:56:17]} Nxe3 {[%clk
1:07:48]} 17. Rxe3 {[%clk 0:55:30]} Qe7 {[%clk 1:05:53]} 18. Re1 {[%clk 0:52:24]}
Rad8 {[%clk 1:05:09]} 19. Qe2 {[%clk 0:52:18]} Bh6 {[%clk 0:54:40]} 20. b4 {[%clk
0:41:31]} c5 {[%clk 0:44:48]} 21. a4 {[%clk 0:26:06]} c4 {[%clk 0:27:10]} 22.
axb5 {[%clk 0:23:32]} axb5 {[%clk 0:27:24]} 23. Ra5 {[%clk 0:20:23]} Bc6 {[%clk
0:24:57]} 24. Rea1 {[%clk 0:18:36]} Ra8 {[%clk 0:24:37]} 25. h3 {[%clk 0:14:55]}
Rxa5 {[%clk 0:21:57]} 26. bxa5 {[%clk 0:13:10]} Nd7 {[%clk 0:18:20]} 27. a6
{[%clk 0:10:24]} Nc5 {[%clk 0:17:31]} 28. Bd1 {[%clk 0:08:59]} Ra8 {[%clk
0:17:12]} 29. a7 {[%clk 0:06:17]} f6 {[%clk 0:13:49]} 30. Qa2 {[%clk 0:06:10]}
Nxe4 {[%clk 0:13:04]} 31. Nxe4 {[%clk 0:05:59]} Bxe4 {[%clk 0:13:11]} 32. Qa6
{[%clk 0:05:43]} Qf7 {[%clk 0:02:59]} 33. Qxb5 {[%clk 0:05:10]} Kg7 {[%clk
0:01:56]} 34. Be2 {[%clk 0:03:31]} Rxa7 {[%clk 0:01:44]} 35. Rxa7 {[%clk
0:03:17]} Qxa7 {[%clk 0:02:12]} 36. Qxc4 {[%clk 0:03:15]} Bf5 {[%clk 0:01:43]}
37. Qb5 {[%clk 0:02:35]} Qa1+ {[%clk 0:01:24]} 38. Kh2 {[%clk 0:02:37]} Qxc3
{[%clk 0:01:48]} 39. Bc4 {[%clk 0:02:00]} Bf4+ {[%clk 0:01:40]} 40. g3 {[%clk
0:31:47]} Qxf3 {[%clk 0:32:00]} 41. Kg1 {[%clk 0:30:12]} Bg5 {[%clk 0:24:34]} 42.
Bd5 {[%clk 0:29:41]} Qd1+ {[%clk 0:17:46]} 43. Kg2 {[%clk 0:29:43]} Qb1 {[%clk
0:16:36]} 44. Qe2 {[%clk 0:29:24]} Qd3 {[%clk 0:15:57]} 45. Qxd3 {[%clk 0:29:04]}
Bxd3 {[%clk 0:15:57]} 46. h4 {[%clk 0:29:22]} Bd2 {[%clk 0:16:35]} 47. Bf3 {[%clk
0:29:24]} h6 {[%clk 0:16:17]} 48. g4 {[%clk 0:29:40]} Kf7 {[%clk 0:16:17]} 49.
Bd5+ {[%clk 0:29:57]} Ke7 {[%clk 0:16:38]} 50. Bg8 {[%clk 0:30:08]} g5 {[%clk
0:16:46]} 51. hxg5 {[%clk 0:30:10]} hxg5 {[%clk 0:17:10]} 52. f3 {[%clk 0:30:28]}
Kd6 {[%clk 0:17:21]} 53. Bb3 {[%clk 0:30:43]} Kc5 {[%clk 0:17:42]} 54. Bd1 {[%clk
0:31:02]} Be1 {[%clk 0:17:24]} 55. Kg1 {[%clk 0:30:34]} Kd4 {[%clk 0:17:47]} 56.
Kg2 {[%clk 0:30:55]} Ke3 {[%clk 0:18:01]} 0-1

[Event "Greek Team Championship"]
[Site "chess24.com"]
[Date "2017.07.05"]
[Round "4"]
[White "Moshovakis, Aggelos"]
[Black "Papakonstantinou, Dimitrios"]
[Result "0-1"]
[Board "8"]
[WhiteElo "2092"]
[WhiteCountry "GRE"]
[WhiteFideId "4297350"]
[WhiteEloChange "-13"]
[BlackElo "2002"]
[BlackCountry "GRE"]
[BlackFideId "4250990"]
[BlackEloChange "13"]

1. e4 {[%clk 1:30:58]} c5 {[%clk 1:30:55]} 2. Nf3 {[%clk 1:31:23]} d6 {[%clk
1:31:20]} 3. Bb5+ {[%clk 1:31:43]} Bd7 {[%clk 1:30:43]} 4. Bxd7+ {[%clk 1:32:05]}
Nxd7 {[%clk 1:29:47]} 5. O-O {[%clk 1:32:10]} Ngf6 {[%clk 1:30:13]} 6. Re1 {[%clk
1:32:23]} g6 {[%clk 1:30:14]} 7. c3 {[%clk 1:32:30]} Bg7 {[%clk 1:30:20]} 8. d4
{[%clk 1:32:48]} e5 {[%clk 1:23:33]} 9. b3 {[%clk 1:28:47]} O-O {[%clk 1:22:48]}
10. Bb2 {[%clk 1:28:36]} Qc7 {[%clk 1:20:51]} 11. Nbd2 {[%clk 1:23:32]} Rfe8
{[%clk 1:21:15]} 12. Rc1 {[%clk 1:23:40]} Rad8 {[%clk 1:18:22]} 13. Qc2 {[%clk
1:12:18]} d5 {[%clk 0:48:59]} 14. c4 {[%clk 0:40:47]} Nxe4 {[%clk 0:45:44]} 15.
Nxe4 {[%clk 0:38:13]} dxe4 {[%clk 0:46:09]} 16. Nxe5 {[%clk 0:38:36]} cxd4 {[%clk
0:41:45]} 17. Nxd7 {[%clk 0:39:00]} Qxd7 {[%clk 0:42:13]} 18. Rcd1 {[%clk
0:37:32]} d3 {[%clk 0:37:11]} 19. Qd2 {[%clk 0:37:46]} Bxb2 {[%clk 0:37:35]} 20.
Qxb2 {[%clk 0:38:12]} Qd4 {[%clk 0:38:00]} 21. Qd2 {[%clk 0:35:19]} f5 {[%clk
0:29:13]} 22. g3 {[%clk 0:30:48]} Rc8 {[%clk 0:20:27]} 23. Rc1 {[%clk 0:26:17]}
b5 {[%clk 0:07:58]} 24. cxb5 {[%clk 0:11:41]} Rxc1 {[%clk 0:08:24]} 25. Rxc1
{[%clk 0:12:08]} e3 {[%clk 0:08:44]} 26. fxe3 {[%clk 0:12:33]} Rxe3 {[%clk
0:08:36]} 27. Rc4 {[%clk 0:11:50]} Rxg3+ {[%clk 0:08:57]} 0-1